Rejas sin votos (Record no. 114559)

MARC details
000 -LEADER
campo de control de longitud fija 00644nam a22002051 4500
001 - NÚMERO DE CONTROL
campo de control 114559
003 - IDENTIFICADOR DE NÚMERO DE CONTROL
campo de control ES-MaACL
005 - FECHA Y HORA DE LA ÚLTIMA TRANSACCIÓN
campo de control 20230906190204.0
007 - CAMPO FIJO DE DESCRIPCIÓN FÍSICA--INFORMACIÓN GENERAL
campo de control de longitud fija t|
008 - DATOS DE LONGITUD FIJA--INFORMACIÓN GENERAL
campo de control de longitud fija 070309s1969 sp ||||0| spa d
016 7# - NÚMERO DE CONTROL DE UNA AGENCIA BIBLIOGRÁFICA NACIONAL
Número de control cancelado/no válido IND9200384120
040 ## - FUENTE DE CATALOGACIÓN
Centro catalogador/agencia de origen M-BN
Lengua de catalogación spa
Centro/agencia transcriptor A2
080 ## - NÚMERO DE LA CLASIFICACIÓN DECIMAL UNIVERSAL
Número de la Clasificación Decimal Universal 340.96(46)"19"
100 1# - ENTRADA PRINCIPAL--NOMBRE DE PERSONA
Nombre de persona Grattis, J. de.
9 (RLIN) 59724
245 10 - MENCIÓN DEL TÍTULO
Título Rejas sin votos
Resto del título : (El libro áureo del Consorcio de la Panadería de Madrid) /
Mención de responsabilidad, etc. J. de Grattis.
260 ## - PUBLICACIÓN, DISTRIBUCIÓN, ETC.
Lugar de publicación, distribución, etc. [S.l :
Nombre del editor, distribuidor, etc. s.n,
Fecha de publicación, distribución, etc. 1969] (
Lugar de fabricación/manufactura Madrid :
Fabricante Imp. Foresa)
300 ## - DESCRIPCIÓN FÍSICA
Extensión XXIV p., 2 h., 29-440 p ;
Dimensiones 21 cm.
650 ## - PUNTO DE ACCESO ADICIONAL DE MATERIA--TÉRMINO DE MATERIA
Término de materia o nombre geográfico como elemento de entrada Procesos-
Subdivisión geográfica España.
9 (RLIN) 157314
852 ## - LOCALIZACIÓN
Ubicación ES-MaACL
Número de control de estantería C-36796
Sublocalización o colección R.71225
Holdings
Estatus retirado Estado de pérdida Estado de daño No para préstamo Biblioteca de origen Biblioteca actual Ubicación en estantería Fecha de adquisición Fuente de adquisición Total de préstamos Signatura topográfica completa Código de barras Visto por última vez Precio de reemplazo Tipo de ítem Koha
        Biblioteca del Ateneo de Madrid Biblioteca del Ateneo de Madrid Depósito 2 17/01/2008     C-36796 1119468 23/02/2023 23/02/2023 Libro impreso